Taylor Swift - Devine la chanson sans indices #10 - Statistiques

Statistiques générales
  • Ce quiz a été pris 678 fois
  • Le résultat moyen est 240 sur 352
Statistiques - réponses
Réponse % Correct
I
99%
a
98%
you
96%
You
96%
the
95%
me,
89%
me
89%
we
89%
and
84%
And
84%
in
84%
it
84%
my
83%
To
83%
to
83%
your
83%
Your
83%
on
82%
love
81%
were
81%
when
81%
do
79%
was
79%
of
78%
"Are
75%
for
75%
For
75%
(for
75%
(For
75%
can
73%
all
71%
all,
71%
all)
71%
have
70%
like
70%
mine
70%
mine,
70%
So
69%
never
68%
"Never
68%
time
68%
then
67%
see
66%
But
65%
'Cause
65%
’Cause
65%
ever
65%
you're
64%
car"
63%
"Get
63%
said,
63%
say,
63%
August
61%
back
60%
Back
60%
had
60%
just
60%
us
58%
"us"
58%
at
57%
could
57%
hope
56%
lost
56%
moment
56%
no
56%
air,
55%
away
55%
door
55%
call
54%
call?
54%
Salt
54%
up
54%
remember
53%
remember?
53%
Remember
53%
more
52%
"Meet
51%
case
50%
sure?"
50%
before"
49%
behind
48%
bottle
48%
live
48%
wine
48%
anything
47%
Cancel
47%
mall"
47%
plans
47%
rust
47%
slipped
47%
memory
46%
you'd
46%
livin'
44%
needed
44%
Whispers
44%
Will
44%
lose
43%
lose,
43%
into
42%
much
42%
summer
42%
enough
41%
still
41%
sun
40%
bedsheets
39%
name
39%
school?
39%
twisted
39%
thinkin'
38%
beneath
37%
better
37%
weren't
37%
pulled
36%
write
36%
saying
35%
Wishin'
33%
canceled
32%
Wanting
32%
changin'
31%
sipped
26%
Aucun quiz correspondant
Distribution des résultats
% des personnes avec chaque résultat
Percentile par nombre de réponses
Votre historique - résultats
Vous n’avez pas pris ce quiz